| 000 | 00480nam a2200181Ia 4500 | ||
|---|---|---|---|
| 008 | 151018s9999 xx 000 0 und d | ||
| 082 |
_bRBASDV63187 _a891.463 |
||
| 100 | _aबाबा कदम | ||
| 245 | _aरानजाई | ||
| 250 | _b1 | ||
| 260 |
_bदिलीपराज _c2011 |
||
| 300 | _a280 | ||
| 600 | _aबाबा कदम | ||
| 630 | _aरानजाई | ||
| 700 | _aबाबा कदम | ||
| 730 | _aरानजाई | ||
| 942 | _cBOOK | ||
| 999 |
_c1055530 _d1055527 |
||